000 00527nam a22001937a 4500
003 KOHA_MİRAKIL
005 20251125094141.0
008 251125b tu ||||| |||| 00| 0 tur d
020 _a9789751418548
040 _aTR-AnABB
_btur
_cTR-AnABB
041 _atur
082 _a823.8
_bDIC 2018
100 1 _aDickens, Charles,
245 1 0 _aOliver Twist /
_cCharles Dickens
260 _aİstanbul :
_bRemzi Kitabevi,
_c2018
300 _a223 sayfa ;
_c16 cm
650 0 4 _aİngiliz edebiyatı, roman
942 _2ddc
_cBK
999 _c9609
_d9609
900 _bGizem YORULMAZ